| 000 | 00639cas a22001935a 4500 | ||
|---|---|---|---|
| 001 | L157546 | ||
| 008 | 130115d19541965xxkux eng u | ||
| 035 | _a(Sirsi) u157546 | ||
| 041 | 0 | _aeng | |
| 110 | 2 |
_aRoyal Institution of Chartered Surveyors _94900 |
|
| 240 | 0 | 0 | _aRecommended Reading and Further Reading for the Professional Examinations |
| 245 | 0 | 4 |
_aThe Professional Examinations _bList of Recommended Text and Reference Books |
| 260 |
_aLondon _bRICS _c[196-?]-[198-?] |
||
| 362 | 0 | _aLondon: 1954, 1960, 1965 | |
| 554 | _aIrregular | ||
| 651 | 4 |
_aEngland and Wales _y1543- |
|
| 690 | _aBusiness and management | ||
| 942 | _n0 | ||
| 999 |
_c119386 _d119386 |
||